| 000 | 00730nam a2200217 4500 | ||
|---|---|---|---|
| 003 | OSt | ||
| 005 | 20240701073843.0 | ||
| 006 | a | ||
| 008 | 240701b |||||||| |||| 00| 0 eng d | ||
| 020 | _a9780205515325 | ||
| 040 |
_aDWCL-Main lib. _cOC |
||
| 082 | _aCirc. 372.210973 B831e 2011 | ||
| 100 | _aBredekamp, Sue | ||
| 245 | _aEffective practices in early childhood education : building a foundation / | ||
| 260 |
_aBoston : _bPearson Education, Inc. , _cc2011. |
||
| 300 |
_bvarious paging : col. ill. ; _c29 cm. |
||
| 504 | _aIncludes bibliographical references & indexes. | ||
| 650 | _a1. Early childhood education-United States. | ||
| 650 | _a2. Child development-United States. | ||
| 942 |
_2ddc _n0 _cBK-CIRC _kCirc. |
||
| 999 |
_c1729 _d1729 |
||